000 00701nam a22001697a 4500
005 20210626161754.0
008 210626s1982 pe a|||| |||| 00| 0 spa d
040 _cCAAAP
050 _aGN 799.S9
_bJ69
100 1 _93441
_aJoly, Luc
245 _aEl signo y la forma :
_buna geometría original , ensayo de definición y de lectura /
_cLuc Joly
260 _aLima :
_bUniversidad de Lima,
_c1982.
300 _a167 p., [1] h. pleg. :
_bil., retr. ;
_c23 cm.
505 0 _aEl primer lenguaje es el sentido de las formas, sentido que nos hace percibir inconscientemente, modelar instintivamente y organizar inteligentemente.
650 0 _93442
_aSímbolos y alegorías.
942 _2lcc
_bDD - MM - AA
_cBK
999 _c1729
_d1729